|
|
|
|
| LEADER |
00000nab a2200000uu 4500 |
| 001 |
vtls011147575 |
| 003 |
SK-MaSNL |
| 005 |
20260303112037.0 |
| 008 |
230121|1981 xo |||||||||||||||||cze| |
| 015 |
|
|
|a SNBRB
|
| 035 |
|
|
|a (urnnbn)urn:nbn:sk:snk:ar-a09vux
|
| 035 |
|
|
|a (uuid)583ed079-38f7-48e0-b505-2ce548671095
|
| 035 |
|
|
|a urn:nbn:sk:snk-abaxvs
|
| 040 |
|
|
|a SNKBUCL
|b slo
|c SNKBUCL
|e AACR2
|
| 041 |
0 |
|
|a cze
|
| 044 |
|
|
|a xo
|c SK
|
| 100 |
1 |
|
|a Staněk, Zdeněk
|4 aut
|9 295288
|
| 245 |
1 |
0 |
|a Radiační pozadí hydrosféry v okolí jaderné elektrárny Dukovany
|c Zdeněk Staněk
|
| 773 |
0 |
|
|t Vodohospodársky spravodajca
|g Roč. 24, č. 2 (1981), s. [48]-52
|
| 958 |
|
|
|a OND
|
| 958 |
|
|
|a EUIPO
|
| 958 |
|
|
|a article14
|
| 999 |
|
|
|c 1881221
|d 1883151
|